Fundamental financial accounting concepts / (Record no. 344655)

000 -LEADER
fixed length control field 00924 a2200241 4500
020 ## - INTERNATIONAL STANDARD BOOK NUMBER
International Standard Book Number 0070217785
020 ## - INTERNATIONAL STANDARD BOOK NUMBER
International Standard Book Number 9780070217782
082 04 - DEWEY DECIMAL CLASSIFICATION NUMBER
Classification number 657
090 ## - LOCALLY ASSIGNED LC-TYPE CALL NUMBER (OCLC); LOCAL CALL NUMBER (RLIN)
-- 2153
-- 2153
100 1# - MAIN ENTRY--PERSONAL NAME
Personal name McNair, Frances M.
245 10 - TITLE STATEMENT
Title Fundamental financial accounting concepts /
Statement of responsibility, etc. Frances M. McNair.
250 ## - EDITION STATEMENT
Edition statement 2nd ed.
260 ## - PUBLICATION, DISTRIBUTION, ETC.
Place of publication, distribution, etc. [S.l.] :
Name of publisher, distributor, etc. Mcgraw-Hill College,
Date of publication, distribution, etc. 1998.
300 ## - PHYSICAL DESCRIPTION
Extent 665 p. ;
Dimensions 26 cm.
500 ## - GENERAL NOTE
General note Hardcover.
520 ## - SUMMARY, ETC.
Summary, etc. This introductory text in financial accounting covers basic concepts, multiple accounting cycles, all four financial statements and the uses of accounting information.
700 1# - ADDED ENTRY--PERSONAL NAME
Personal name Milam, Edward E.
700 1# - ADDED ENTRY--PERSONAL NAME
Personal name Olds, Philip R.
700 1# - ADDED ENTRY--PERSONAL NAME
Personal name Edmonds, Thomas P.
856 40 - ELECTRONIC LOCATION AND ACCESS
Materials specified Amazon.com
Uniform Resource Identifier <a href="http://www.amazon.com/exec/obidos/ASIN/0070217785/chopaconline-20">http://www.amazon.com/exec/obidos/ASIN/0070217785/chopaconline-20</a>
856 40 - ELECTRONIC LOCATION AND ACCESS
Materials specified Amazon customer reviews
Uniform Resource Identifier <a href="http://www.chopac.org/cgi-bin/tools/azrev.pl?q=0070217785">http://www.chopac.org/cgi-bin/tools/azrev.pl?q=0070217785</a>
942 ## - ADDED ENTRY ELEMENTS (KOHA)
Institution code [OBSOLETE] NBS
Koha item type Book
Call number prefix 657 EDM
Holdings
Withdrawn status Lost status Damaged status Not for loan Permanent Location Current Location Date acquired Total Checkouts Full call number Barcode Date last seen Price effective from Koha item type Date last checked out Total Renewals
        Central Library (CL) Central Library (CL) 08/28/2013   657 EDM NBS3643 08/28/2013 08/28/2013 Book    
        Central Library (CL) Central Library (CL) 08/28/2013 1 657 EDM NBS3731 10/04/2017 08/28/2013 Book 09/20/2017  
        Central Library (CL) Central Library (CL) 08/28/2013 1 657 EDM NBS3644 08/28/2014 08/28/2013 Book 09/19/2013  
        Central Library (CL) Central Library (CL) 08/28/2013   657 EDM NBS4003 10/20/2020 08/28/2013 Book   1
© 2023 Central Library, National University of Sciences and Technology. All Rights Reserved.